Statistiques concernant Tous les personnages de Brawl Stars

Cliquez ici pour prendre le quiz!

Statistiques générales

  • Ce quiz a été pris 148 fois
  • Le résultat moyen est 64 sur 78

Statistiques - réponses

Réponse% Correct
Jacky
98%
Monsieur M
97%
Leon
95%
Polly
95%
Spike
95%
Tara
95%
Edgar
94%
Bo
92%
Jessie
90%
Bartaba
89%
Brock
89%
Eliza
89%
Shelly
89%
Colt
88%
Frank
88%
Lou
88%
Poco
88%
Ricochet
88%
Tick
88%
Arkad
87%
Colette
87%
Corbac
87%
Max
87%
Mortis
87%
Nita
87%
Surge
87%
Bull
86%
El costo
86%
Rosa
86%
Bea
85%
Carl
85%
Darryl
85%
Dynamike
85%
Penny
85%
Stu
85%
Billie
84%
Nani
84%
Buzz
83%
Fang
83%
Mico
83%
Cordelius
82%
Gael
82%
Larry et Lawrie
82%
Pam
82%
Grom
81%
Wally
81%
Griff
80%
Kit
80%
Ambre
78%
Angelo
78%
Doug
78%
Melody
78%
Byron
77%
Djinn
77%
Emeri
77%
Belle
76%
Squeak
76%
Ash
75%
Bonnie
75%
Gus
75%
Hank
75%
Medor
75%
Lola
74%
Mandy
74%
Otis
74%
Chester
72%
Meg
71%
Sam
71%
Eve
70%
Gray
70%
Buster
67%
Pearl
67%
Charlie
66%
Maisie
66%
Chuck
65%
Janet
65%
Willow
64%
RT
63%

Distribution des résultats

Percentile par nombre de réponses

% des personnes avec chaque résultat

Votre développement - résultats

Vous n’avez pas pris ce quiz